| 000 | 00879cab a2200193 4500 | ||
|---|---|---|---|
| 001 | ##L132849 | ||
| 008 | 060314n2006 000 0 eng u | ||
| 035 | _a(Sirsi) u132849 | ||
| 041 | 0 | _aeng | |
| 100 | 1 | _aBarnes, Rachel | |
| 245 | 0 | 0 | _aThis one won't fly |
| 260 | _c2006 | ||
| 490 | 0 |
_aBuilding _v271(8421) 10 March 2006, 59(1) |
|
| 520 | _aExamines the changes made to the NEC Professional Services contract (Third Edition). These include the introduction of key dates, compilation of a risk register, procedural changes relating to compensation events which extend the liability of consultants, and restrictions to limits of liability. | ||
| 590 | _aIKA140306 | ||
| 650 | 2 | 4 | _aNEC PROFESSIONAL SERVICES CONTRACT (THIRD EDITION) |
| 690 | _aBUILT ENVIRONMENT-BUILDING CONTRACT FORMS-STANDARD FORMS OF BUILDING CONTRACT-NEW ENGINEERING CONTRACT CONTRACTS | ||
| 942 | _n0 | ||
| 999 |
_c76661 _d76661 |
||